[Event "UKR-ch Semifinal 2018"]
[Site "Omelnyk"]
[Date "2018.10.30"]
[Round "5.4"]
[White "Frolov, Artur"]
[Black "Bordovsky, Vladimir"]
[Result "1-0"]
[WhiteElo "2425"]
[BlackElo "2343"]
[Annotator "TA"]
[PlyCount "95"]
[EventDate "2018.11.26"]
[EventType "tourn"]
[EventCountry "UKR"]

{[%evp 11,95,38,54,52,50,50,75,75,75,77,102,100,116,100,121,106,100,70,71,65,61,56,56,56,59,59,59,53,68,49,60,63,73,33,33,33,33,25,92,80,71,8,14,21,79,79,75,75,103,51,179,150,112,112,150,150,150,150,334,334,350,341,335,326,354,320,448,445,1155,1173,1120,1026,1909,1856,2438,29967,29968,29969,29969,29970,29969,29959,29963,5691,29974,29975]} 1. e4 e6 2. d4 d5 3. Nd2 Nc6 4. Ngf3 Nf6 5. e5 Nd7 6. Be2 b6 {LiveBook: 27 Games} 7. c3 $146 {C04: French Tarrasch: 3...Nc6} ({Predecessor:} 7. O-O Bb7 8. Re1 Qe7 9. c3 O-O-O 10. b4 f6 11. Nb3 Qf7 12. a4 Kb8 13. a5 fxe5 14. axb6 cxb6 {1-0 (38) Oleksienko,M (2543)-Pap,G (2503) Budapest 2009}) 7... Bb7 8. b4 {[%cal Bb2b4,Bb4b5][%mdl 32]} a5 9. b5 {White is better.} Ne7 10. a4 Nf5 11. Bd3 h5 12. Nf1 Be7 13. Ng3 g6 14. Nxf5 (14. h3 {is more complex.} h4 15. Nf1 Rc8 16. N1h2 c5 17. O-O) 14... exf5 15. h4 Nf8 16. Ba3 Ne6 17. Qd2 Bxa3 18. Rxa3 Qe7 19. Rb3 O-O-O 20. Ng5 Kb8 21. Nxe6 fxe6 22. Qg5 Qxg5 23. hxg5 Ka7 24. Kd2 Rb8 (24... c6 $11 {remains equal.}) 25. f3 c6 26. c4 (26. Rbb1 $16) 26... dxc4 $11 27. Bxc4 Rhe8 (27... Rhd8 $11) 28. Rc1 Rbd8 29. Ke3 Re7 30. g3 (30. Rbc3 $16) 30... Rc8 (30... cxb5 $14 31. Bxb5 Rh7) 31. bxc6 $18 Rxc6 32. Rbc3 $1 Rec7 {[#] ...Ba6 is the strong threat.} 33. Kd2 $1 {aiming for Bxe6!} Rd7 {[#]} 34. Kd3 $1 f4 $2 (34... Kb8 $16) 35. gxf4 h4 36. Bb3 Rxc3+ 37. Rxc3 {[%mdl 4096] Endgame KRB-KRB} h3 {Threatens to win with ...h2.} 38. Rc2 ({Less strong is} 38. Bxe6 Rh7 $14) 38... Rh7 {White must now prevent ...h2.} 39. Rh2 Bd5 (39... Bc8 $142 40. Bc2 Bd7) 40. Bxd5 exd5 {KR-KR} 41. Ke3 Rh4 42. e6 b5 43. e7 (43. f5 $18 gxf5 44. g6) 43... Rh8 44. f5 gxf5 {[#]} 45. Rxh3 $1 {[%mdl 512]} Re8 (45... Rxh3 46. e8=Q) 46. Kf4 Rxe7 47. g6 {White wants to mate with Rh7.} Kb6 48. Rh6 {Precision: White = 73%, Black = 42%.} 1-0

[Event "UKR-ch Semifinal 2018"]
[Site "Omelnyk"]
[Date "2018.10.30"]
[Round "5.5"]
[White "Galperin, Platon"]
[Black "Grinev, Valeriy"]
[Result "1/2-1/2"]
[WhiteElo "2334"]
[BlackElo "2414"]
[Annotator "TA"]
[PlyCount "73"]
[EventDate "2018.11.26"]
[EventType "tourn"]
[EventCountry "UKR"]

{[%evp 23,73,14,14,-38,27,30,22,33,40,28,24,0,0,0,0,-8,-1,-2,-7,0,45,48,63,-26,0,0,0,-21,-4,-2,-10,-3,-8,-12,0,-10,0,-2,0,0,0,0,0,0,0,0,0,0,0,0,0,0]} 1. d4 Nf6 2. c4 c5 3. d5 e6 4. Nc3 exd5 5. cxd5 d6 6. Nf3 g6 7. g3 Bg7 8. Bg2 O-O 9. O-O a6 10. a4 Nbd7 11. Bf4 Qe7 12. e4 {A63: Benoni (mit 7.g3)} (12. h3 Rb8 13. Qd3 Re8 14. Rfe1 Nh5 15. Bg5 Bf6 16. Bxf6 Nhxf6 17. e4 Nh5 18. Kh2 f6 19. Nd2 Ne5 20. Qe2 {0-1 (49) Sjugirov,S (2670)-Korobov,A (2708) Sochi 2015}) 12... Ng4 {LiveBook: 15 Partien} 13. Nd2 ({Günstiger ist} 13. Bg5 $11 f6 14. Bc1) 13... Nge5 (13... Nde5 $1 $15) 14. Qe2 {Weiß hat minimalen Vorteil.} g5 15. Be3 $1 g4 16. Bf4 Rb8 17. Qe3 $146 ({Vorgänger:} 17. Nd1 Nf6 18. Bxe5 Qxe5 19. Nc4 Qe7 20. Nb6 Bf5 21. Ne3 Bg6 22. Rae1 Nxe4 23. Nf5 Bxf5 24. Bxe4 Rbe8 25. f3 gxf3 26. Bxf3 Qd8 {0-1 (26) Stupak,K (2346)-Evdokimov,A (2500) Pardubice 2006}) 17... b5 18. axb5 axb5 19. Bg5 f6 20. Bh6 Bxh6 21. Qxh6 Nd3 22. Ra7 Qe5 23. Rb1 (23. Qe3 $14 Nxb2 24. Rb1) 23... Qg5 24. Qxg5+ {Die Stellung ist ausgeglichen.} fxg5 25. Nd1 N7e5 26. b3 Rf7 27. Rba1 $1 Rxa7 28. Rxa7 c4 29. Bf1 Nc5 30. bxc4 bxc4 31. Bxc4 Nxc4 32. Nxc4 Rb1 {[#] Und ...La6 würde nun gewinnen.} 33. Ra8 Rxd1+ 34. Kg2 Nxe4 35. Rxc8+ Kf7 36. Rc7+ Kg6 37. Re7 {Precision: Weiß = 53%, Schwarz = 66%.} 1/2-1/2

[Event "UKR-ch Semifinal 2018"]
[Site "Omelnyk"]
[Date "2018.10.30"]
[Round "5.6"]
[White "Kutsanyan, Andranik"]
[Black "Bakhmatsky, Vladislav"]
[Result "1/2-1/2"]
[WhiteElo "2252"]
[BlackElo "2409"]
[PlyCount "60"]
[EventDate "2018.11.26"]
[EventType "tourn"]
[EventCountry "UKR"]
[TimeControl "40/5400+30:1800+30"]
[WhiteClock "0:01:45"]
[BlackClock "0:07:22"]

1. e4 {[%emt 0:00:00]} c5 {[%emt 0:02:22]} 2. b3 {[%emt 0:00:00]} g6 {[%emt 0:01:34]} 3. Bb2 {[%emt 0:00:24]} Nf6 {[%emt 0:00:04]} 4. e5 {[%emt 0:05:32]} Nd5 {[%emt 0:00:02]} 5. Nc3 {[%emt 0:00:25]} Nxc3 {[%emt 0:00:47]} 6. Bxc3 {[%emt 0:00:07]} Bg7 {[%emt 0:01:50]} 7. Bc4 {[%emt 0:07:30]} Nc6 {[%emt 0:11:29]} 8. e6 {[%emt 0:06:19]} f6 {[%emt 0:00:14]} 9. exd7+ {[%emt 0:00:22]} Bxd7 {[%emt 0:00:52]} 10. Qf3 {[%emt 0:05:21]} e5 {[%emt 0:02:19]} 11. O-O-O {[%emt 0:03:28]} Qe7 {[%emt 0:01:21]} 12. Ne2 {[%emt 0:02:14]} O-O-O {[%emt 0:06:38]} 13. Rhe1 {[%emt 0:05:24]} Rhe8 {[%emt 0:26:25]} 14. Kb1 {[%emt 0:24:10]} Qf8 {[%emt 0:05:55]} 15. Qg3 {[%emt 0:04:24]} g5 {[%emt 0:10:12]} 16. f3 {[%emt 0:07:55]} h6 {[%emt 0:03:11]} 17. h4 {[%emt 0:01:19]} Nd4 {[%emt 0:02:34]} 18. hxg5 {[%emt 0:04:17]} hxg5 {[%emt 0:00:26]} 19. Nxd4 {[%emt 0:02:24]} cxd4 {[%emt 0:00:17]} 20. Bb2 {[%emt 0:00:15]} Qd6 {[%emt 0:04:26]} 21. Bd3 {[%emt 0:03:07]} Kb8 {[%emt 0:05:24]} 22. c3 {[%emt 0:01:04]} dxc3 {[%emt 0:00:01]} 23. dxc3 {[%emt 0:00:06]} Qc7 {[%emt 0:00:09]} 24. c4 {[%emt 0:00:42]} Bc8 {[%emt 0:01:35]} 25. Bg6 {[%emt 0:03:26]} Re6 {[%emt 0:02:22]} 26. Qf2 {[%emt 0:02:12]} Bf8 {[%emt 0:02:40]} 27. Qc2 {[%emt 0:01:37]} Red6 {[%emt 0:01:05]} 28. Be4 {[%emt 0:01:31]} Be6 {[%emt 0:01:41]} 29. g4 {[%emt 0:01:46]} Qa5 {[%emt 0:02:49]} 30. Bc3 {[%emt 0:00:17]} Qc7 {[%emt 0:02:31]} 1/2-1/2

[Event "UKR-ch Semifinal 2018"]
[Site "Omelnyk"]
[Date "2018.10.30"]
[Round "5.7"]
[White "Borsuk, Konstantin"]
[Black "Lisnyak, Vladislav"]
[Result "1-0"]
[WhiteElo "2354"]
[BlackElo "2263"]
[PlyCount "205"]
[EventDate "2018.11.26"]
[EventType "tourn"]
[EventCountry "UKR"]
[TimeControl "40/5400+30:1800+30"]
[WhiteClock "0:03:17"]
[BlackClock "0:01:38"]

1. d4 {[%emt 0:00:00]} Nf6 {[%emt 0:00:00]} 2. c4 {[%emt 0:00:10]} e6 {[%emt 0:00:00]} 3. Nc3 {[%emt 0:00:07]} Bb4 {[%emt 0:00:00]} 4. e3 {[%emt 0:02:48]} O-O {[%emt 0:00:00]} 5. Nge2 {[%emt 0:00:24]} d5 {[%emt 0:00:06]} 6. a3 {[%emt 0:02:23]} Bd6 {[%emt 0:00:25]} 7. cxd5 {[%emt 0:05:47]} Nxd5 {[%emt 0:15:53]} 8. g3 {[%emt 0:10:41]} Nd7 {[%emt 0:18:31]} 9. Bg2 {[%emt 0:03:32]} N7b6 {[%emt 0:03:18]} 10. O-O {[%emt 0:05:39]} Nxc3 {[%emt 0:03:44]} 11. Nxc3 {[%emt 0:08:09]} e5 {[%emt 0:01:25]} 12. Nb5 {[%emt 0:11:14]} exd4 {[%emt 0:03:10]} 13. Qxd4 {[%emt 0:00:42]} Be7 {[%emt 0:04:05]} 14. Qxd8 {[%emt 0:05:38]} Bxd8 {[%emt 0:00:15]} 15. Bd2 {[%emt 0:01:06]} c6 {[%emt 0:09:31]} 16. Nd6 {[%emt 0:06:27]} Bf6 {[%emt 0:12:26]} 17. Bc3 {[%emt 0:06:56]} Bxc3 {[%emt 0:03:46]} 18. bxc3 {[%emt 0:00:04]} Rd8 {[%emt 0:00:07]} 19. Rfd1 {[%emt 0:01:00]} Kf8 {[%emt 0:00:57]} 20. Rd4 {[%emt 0:02:50]} Ke7 {[%emt 0:05:44]} 21. Ne4 {[%emt 0:05:22]} Nd5 {[%emt 0:04:12]} 22. c4 {[%emt 0:01:02]} Nf6 {[%emt 0:07:48]} 23. Nc5 {[%emt 0:06:18]} Rb8 {[%emt 0:00:18]} 24. Rad1 {[%emt 0:03:57]} Be6 {[%emt 0:00:22]} 25. Rxd8 {[%emt 0:03:26]} Rxd8 {[%emt 0:00:03]} 26. Rb1 {[%emt 0:02:53]} Bxc4 {[%emt 0:03:09]} 27. Nxb7 {[%emt 0:01:22]} Rc8 {[%emt 0:02:59]} 28. Na5 {[%emt 0:03:08]} Bb5 {[%emt 0:00:05]} 29. e4 {[%emt 0:00:28]} Nd7 {[%emt 0:00:53]} 30. f4 {[%emt 0:00:11]} a6 {[%emt 0:00:28]} 31. Kf2 {[%emt 0:00:42]} Nb6 {[%emt 0:00:24]} 32. Rc1 {[%emt 0:00:24]} f6 {[%emt 0:01:03]} 33. Bh3 {[%emt 0:01:01]} Rc7 {[%emt 0:00:08]} 34. e5 {[%emt 0:00:25]} fxe5 {[%emt 0:00:19]} 35. fxe5 {[%emt 0:00:15]} c5 {[%emt 0:00:36]} 36. Nb3 {[%emt 0:00:19]} Bc4 {[%emt 0:00:28]} 37. Nd2 {[%emt 0:00:15]} Bd5 {[%emt 0:00:19]} 38. Ke3 {[%emt 0:00:21]} Rc6 {[%emt 0:00:41]} 39. Bf5 {[%emt 0:00:54]} g6 {[%emt 0:00:48]} 40. Bg4 {[%emt 0:00:00]} h5 {[%emt 0:00:00]} 41. Bf3 {[%emt 0:04:52]} Ke6 {[%emt 0:04:36]} 42. Kf4 {[%emt 0:07:22]} Rc8 {[%emt 0:09:07]} 43. Bxd5+ {[%emt 0:02:48]} Nxd5+ {[%emt 0:15:33]} 44. Ke4 {[%emt 0:00:12]} Nb6 {[%emt 0:00:22]} 45. Nf3 {[%emt 0:03:56]} c4 {[%emt 0:00:29]} 46. Nd4+ {[%emt 0:00:59]} Ke7 {[%emt 0:00:25]} 47. h4 {[%emt 0:02:11]} Rc5 {[%emt 0:01:42]} 48. Nf3 {[%emt 0:02:40]} Rb5 {[%emt 0:02:23]} 49. Ng5 {[%emt 0:00:37]} Nd7 {[%emt 0:00:41]} 50. Rxc4 {[%emt 0:04:37]} Rxe5+ {[%emt 0:00:02]} 51. Kd4 {[%emt 0:00:26]} Ra5 {[%emt 0:00:02]} 52. Rc3 {[%emt 0:03:21]} Ra4+ {[%emt 0:00:17]} 53. Kd5 {[%emt 0:01:06]} Nb6+ {[%emt 0:00:25]} 54. Kc5 {[%emt 0:01:05]} Nd7+ {[%emt 0:00:06]} 55. Kc6 {[%emt 0:00:37]} Ne5+ {[%emt 0:01:50]} 56. Kd5 {[%emt 0:00:17]} Ra5+ {[%emt 0:00:28]} 57. Ke4 {[%emt 0:01:56]} Nd7 {[%emt 0:00:13]} 58. Kd4 {[%emt 0:00:41]} Ra4+ {[%emt 0:00:38]} 59. Kd5 {[%emt 0:00:03]} Nb6+ {[%emt 0:00:32]} 60. Kc5 {[%emt 0:00:02]} Nd7+ {[%emt 0:00:11]} 61. Kc6 {[%emt 0:00:11]} Ne5+ {[%emt 0:00:03]} 62. Kd5 {[%emt 0:00:35]} Nd7 {[%emt 0:00:07]} 63. Re3+ {[%emt 0:00:10]} Kf6 {[%emt 0:01:02]} 64. Rf3+ {[%emt 0:00:23]} Ke7 {[%emt 0:00:04]} 65. Rf7+ {[%emt 0:00:38]} Ke8 {[%emt 0:00:07]} 66. Rf3 {[%emt 0:01:12]} Ke7 {[%emt 0:00:18]} 67. Re3+ {[%emt 0:00:43]} Kf6 {[%emt 0:00:01]} 68. Ne4+ {[%emt 0:00:10]} Kg7 {[%emt 0:01:35]} 69. Nd6 {[%emt 0:01:14]} Ra5+ {[%emt 0:02:00]} 70. Ke6 {[%emt 0:00:27]} Nf6 {[%emt 0:00:06]} 71. Rb3 {[%emt 0:00:33]} Ng4 {[%emt 0:00:41]} 72. Rb7+ {[%emt 0:00:18]} Kg8 {[%emt 0:00:46]} 73. Rb8+ {[%emt 0:00:04]} Kg7 {[%emt 0:00:03]} 74. Rb7+ {[%emt 0:00:04]} Kg8 {[%emt 0:00:05]} 75. Rb8+ {[%emt 0:01:33]} Kg7 {[%emt 0:00:02]} 76. Ne8+ {[%emt 0:00:51]} Kh6 {[%emt 0:01:23]} 77. Kf7 {[%emt 0:00:21]} Kh7 {[%emt 0:00:48]} 78. Rb7 {[%emt 0:00:35]} Rf5+ {[%emt 0:00:17]} 79. Ke6+ {[%emt 0:00:16]} Kh6 {[%emt 0:00:39]} 80. Nd6 {[%emt 0:00:21]} Rf6+ {[%emt 0:00:43]} 81. Kd5 {[%emt 0:01:06]} Ne3+ {[%emt 0:00:35]} 82. Kc5 {[%emt 0:00:11]} Nf5 {[%emt 0:00:22]} 83. Ne4 {[%emt 0:00:28]} Re6 {[%emt 0:00:22]} 84. Ng5 {[%emt 0:00:13]} Re7 {[%emt 0:00:49]} 85. Rxe7 {[%emt 0:00:24]} Nxe7 {[%emt 0:00:01]} 86. Kb6 {[%emt 0:00:32]} Kg7 {[%emt 0:00:22]} 87. Kxa6 {[%emt 0:00:40]} Kf6 {[%emt 0:00:00]} 88. Kb7 {[%emt 0:00:50]} Nd5 {[%emt 0:00:34]} 89. a4 {[%emt 0:00:21]} Kf5 {[%emt 0:00:53]} 90. a5 {[%emt 0:00:15]} Nb4 {[%emt 0:00:04]} 91. Nh3 {[%emt 0:01:02]} Kg4 {[%emt 0:00:09]} 92. Nf4 {[%emt 0:00:05]} Kxg3 {[%emt 0:00:07]} 93. Nxg6 {[%emt 0:00:28]} Kg4 {[%emt 0:00:00]} 94. Kb6 {[%emt 0:00:45]} Nd5+ {[%emt 0:00:55]} 95. Kc6 {[%emt 0:00:37]} Nb4+ {[%emt 0:00:12]} 96. Kb5 {[%emt 0:00:38]} Nd5 {[%emt 0:00:09]} 97. Kc5 {[%emt 0:00:21]} Nc7 {[%emt 0:00:06]} 98. Kc6 {[%emt 0:00:27]} Na6 {[%emt 0:00:07]} 99. Kb6 {[%emt 0:00:32]} Nb4 {[%emt 0:00:13]} 100. Ne7 {[%emt 0:00:35]} Kxh4 {[%emt 0:00:14]} 101. Kb5 {[%emt 0:00:11]} Nc2 {[%emt 0:01:45]} 102. a6 {[%emt 0:00:12]} Nd4+ {[%emt 0:00:26]} 103. Kb6 {[%emt 0:00:12]} 1-0

[Event "UKR-ch Semifinal 2018"]
[Site "Omelnyk"]
[Date "2018.10.30"]
[Round "5.8"]
[White "Sergeev, Vladimir"]
[Black "Levitskiy, Andrey"]
[Result "1/2-1/2"]
[WhiteElo "2412"]
[BlackElo "2245"]
[Annotator "TA"]
[PlyCount "64"]
[EventDate "2018.11.26"]
[EventType "tourn"]
[EventCountry "UKR"]

{[%evp 14,64,15,15,22,13,20,0,26,31,30,12,17,13,8,9,13,14,15,14,9,11,15,0,15,-7,12,15,12,8,16,8,9,-58,-49,-79,-50,-86,-83,-129,-121,-92,-23,-181,-141,-127,-124,-128,-39,-47,-48,-52,-52]} 1. g3 c5 2. Bg2 Nc6 3. Nf3 g6 4. c3 Bg7 5. O-O Nf6 6. d4 {A04: Unusual lines after 1 Nf3 and King's Indian Attack} (6. d3 O-O 7. e4 d6 8. Nfd2 e5 9. a3 b6 10. b4 a6 11. f4 Bg4 12. Qe1 exf4 13. gxf4 Re8 14. h3 Bh5 15. Qf2 Rc8 {1-0 (61) Maghsoodloo,P (2572)-Moiseenko,V (2554) Yerevan 2018}) 6... cxd4 7. cxd4 d5 8. Ne5 {LiveBook: 36 Games. The position is equal.} Nd7 9. Nxc6 bxc6 10. Nc3 Qb6 11. e3 O-O 12. b3 e5 $146 {[%cal Re5d4]} 13. Ba3 {With the idea Na4.} Re8 {[%cal Re5d4]} 14. Na4 Qa5 15. Bb2 Ba6 16. Bc3 Qc7 17. Re1 Bb5 18. Nb2 Qd6 19. Qd2 Rad8 20. a4 Ba6 21. dxe5 Nxe5 22. Rac1 c5 23. Red1 {[#]} (23. Bxe5 $11 Qxe5 24. Nd3 Bxd3 25. Qxd3) 23... d4 $1 $36 {[%cal Rd4c3][%mdl 2560] Black is pushing.} 24. Ba5 (24. exd4 cxd4) 24... Rc8 (24... Rb8 $5 {[%cal Rb8b3]} 25. Nc4 Nxc4 26. bxc4 Bh6 $15) 25. b4 cxb4 {...Qf6 is the strong threat.} 26. Bxb4 {[#]} Qf6 $1 {And now ...Nf3+ would win.} 27. Rxc8 ({But not} 27. Qxd4 $2 Rxc1 28. Rxc1 Nf3+ 29. Bxf3 Qxf3 $19) 27... Bxc8 (27... Rxc8 $17 28. f4 dxe3 29. fxe5 Qxe5 30. Qd8+ Qe8 31. Qxe8+ Rxe8) 28. Nd3 $2 (28. Re1 $11 Nf3+ 29. Bxf3 Qxf3 30. exd4) 28... Nf3+ 29. Bxf3 Qxf3 30. Ne1 dxe3 (30... Qd5 $17 {White must now prevent ...Bb7.} 31. f3 Ba6) 31. Nxf3 exd2 32. Nxd2 Be6 {Precision: White = 53%, Black = 67%.} 1/2-1/2